Textbook of hydraulic machines (Record no. 39995)

000 -LEADER
fixed length control field 00441nam a22001817a 4500
001 - CONTROL NUMBER
control field 39995
003 - CONTROL NUMBER IDENTIFIER
control field BD-DhUET
008 - FIXED-LENGTH DATA ELEMENTS--GENERAL INFORMATION
fixed length control field 170522b xxu||||| |||| 00| 0 eng d
040 ## - CATALOGING SOURCE
Transcribing agency 0
Modifying agency BD-DhUET
082 ## - DEWEY DECIMAL CLASSIFICATION NUMBER
Classification number 621.2
Item number KHU/1985
100 ## - MAIN ENTRY--PERSONAL NAME
Personal name Khurmi, R. S.
245 ## - TITLE STATEMENT
Title Textbook of hydraulic machines
250 ## - EDITION STATEMENT
Edition statement 1st ed.
260 ## - PUBLICATION, DISTRIBUTION, ETC. (IMPRINT)
Place of publication, distribution, etc. New Delhi
Name of publisher, distributor, etc. S. Chand
Date of publication, distribution, etc. 1985
300 ## - PHYSICAL DESCRIPTION
Extent 693-978p.
650 #0 - SUBJECT ADDED ENTRY--TOPICAL TERM
Topical term or geographic name as entry element Hydraulic power engineering
942 ## - ADDED ENTRY ELEMENTS (KOHA)
Koha item type General Book
Holdings
Date acquired Koha date last seen Koha item type Price effective from Piece designation (barcode) Lost status Withdrawn status Sublocation or collection (holding branch) Copy number Source of classification or shelving scheme Shelving location Damaged status Koha normalized classification for sorting Koha full call number Location (home branch) Not for loan
1985-09-072017-05-22General Book2017-05-2264140  Central Library, BUET1 Circulation section 621_200000000000000_KHU_1985621.2/KHU/1985Central Library, BUET 
1985-09-072017-05-22General Book2017-05-2264130  Central Library, BUET2 Circulation section 621_200000000000000_KHU_1985621.2/KHU/1985Central Library, BUET